000 00755nam a2200205Ia 4500
003 GCL
008 140319s9999 xx 000 0 ara d
040 _aGCL /
_cGCL
082 0 4 _a810.90358
_bص أ
100 1 _aصبرى توفيق همام
245 1 0 _aالاسلام والغرب فى تركيا :
_bدراسة فى ادب جاهد ظريف او غلى العاصر /
_cصبرى توفيق همام
250 _aالاولى
260 _aالقاهرة :
_bالمكتبة المصرية ،
_c2004
300 _a465 ص ؛
_c24 سم
650 0 4 _aالتراجم الذاتية
650 0 4 _aالادب العربى - تاريخ ونقد
650 0 4 _aالاسلام والغرب
650 0 4 _aجاهد ظريف أوغلى
942 _2ddc
_cBK
999 _c57633
_d57633